Представление документа в формате RUSMARC

ПолеНазваниеЗначение
  Тип записи a
  Библиографический уровень m
001 Контрольный номер RU/REG73/CBS_GRAD/04153d42764543b1a2484ca3b8884a5c
005 Дата корректировки 20230424104545.0
010 Индекс ISBN __
a ISBN 5-225-00335-4
100 Данные общей обработки __
a Данные общей обработки 20230424d 0rusy0189## ca
101 Язык документа 0_
a Язык текста rus
102 Страна публикации __
a Страна публикации RU
200 Заглавие и сведения об ответственности 1_
a Заглавие Закаливайтесь на здоровье
f Первые сведения об ответственности Лаптев Александр Петрович
210 Выходные данные 1_
a Место издания Москва
c Издательство Медицина
d Дата издания 1991
215 Физическое описание __
a Объем 160 с.: ил.
225 Серия 2_
a Серия Научно-популярная медицинская литература
610 Ключевые слова 0_
a Ключевые слова закаливание
686 Индексы других классификаций __
a Классификационный индекс 51.204.0
700 Автор _1
a Фамилия Лаптев
g Полное личное имя Александр Петрович
801 Источник записи _0
a Страна RU
b Организация RuCBSGrad
c Дата составления 20230424
g Правила каталогизации RCR
801 Источник записи _1
a Страна RU
b Организация RuCBSGrad
c Дата составления 20230424
g Правила каталогизации RCR
901 Тип документа __
t Тип документа m